000 05427nam a22002537a 4500
003 GR-AtMCL
005 20251128161853.0
006 a|||||r|||||||||||
008 s2024 gr 000 0 gre d
020 _a9789600243321
040 _aGR-AtMCL
_bgre
_dGR-AtMCL
_eAACR2
100 1 _aΣτασινός, Δημήτρης Π.
_95408
245 1 2 _aΗ ειδική εκπαίδευση & συμπερίληψη 2027 :
_bπολύγλωσσα σχολικά περιβάλλοντα και σοβαρές, πολλαπλές αναπηρίες/ δυσκολίες : η ελκυστική εκδίπλωση της στο νέο ψηφιακό σχολείο με ψηφιακούς πρωταθλητές /
_cΔημήτρης Π. Στασινός.
246 1 2 _aΗ ειδική εκπαίδευση και συμπερίληψη 2027
250 _a4η εκδ. αναθ.
260 _aΑθήνα :
_bΠαπαζήσης,
_c2024.
300 _a627 σ. :
_bεικ. ;
_c24 εκ.
504 _aΠεριέχει βιβλιογραφία και ευρετήριο.
520 _aΗ θέσπιση και λειτουργία ΕΝΟΣ σχολείου, του σχολείου της γειτονιάς, για ΟΛΟΥΣ τους μαθητές χωρίς διακρίσεις και αποκλεισμούς είναι το ζητούμενο στην εκπαίδευση της νέας εποχής. Ο λόγος για ΕΝΑ Ανοικτό σχολείο Δημοκρατικό, Ανθρώπινο, Κοινωνικό, Ελεύθερο, Ευέλικτο, Πολυγλωσσικό, Ψηφιακό με κύριο πρωταγωνιστή το Μαθητή ο οποίος θα είναι ισότιμα συμμέτοχος και ενεργός συνοδοιπόρος στα δρώμενα της σχολικής τάξης και το επίκεντρο των ραγδαία σημειούμενων αλλαγών στην εκπαίδευση και στην κουλτούρα του εφήμερου. Πρόκειται για ΕΝΑ σχολείο με κύριο γνώρισμα την αποδοχή της ΔΙΑΦΟΡΕΤΙΚΟΤΗΤΑΣ (divercity) στο οποίο (πρέπει να) παρέχεται συμπεριληπτική εκπαίδευση στο ΣΥΝΟΛΟ των μαθητών σε μια οικονομικά αναπτυσσόμενη ψηφιακή Ελλάδα και Κύπρο και να διακρίνεται για τις καινοτόμες ιδέες και πρακτικές προσβλέποντας στην απόκτηση των απαραίτητων δεξιοτήτων που θα εγγυώνται στο μαθητή την κοινωνική και επαγγελματική του καταξίωση. Μια παρόμοια μετεξέλιξη του σύγχρονου ελληνικού σχολείου (θα) συνάδει άλλωστε με τη Διακήρυξη της Σαλαμάνκα (1994) για παροχή ισότιμης εκπαίδευσης στα άτομα με ειδικές εκπαιδευτικές ανάγκες. Η έμφαση των κατά καιρούς επιχειρούμενων μεταρρυθμιστικών εγχειρημάτων σε Ελλάδα και Κύπρο πρέπει να εστιάζεται σε μια «global agenda» φιλόδοξων στόχων και δράσεων που θα αναβαθμίζουν ποιοτικά το πολυσχιδές έργο του σύγχρονου εκπαιδευτικού. Η διδακτική και υποστηρικτική επενέργειά του (πρέπει να) στοχεύει στην ψυχοκοινωνική ολοκλήρωση κάθε μαθητή χωρίς διακρίσεις και αποκλεισμούς στη νέα εποχή της μαγικής εικόνας, της γνώσης και της (υπερ) πληροφορίας. Η παρεχόμενη Ειδική και Συμπεριληπτική Εκπαίδευση στην κοινωνία του 21ου αιώνα (πρέπει να) συμπυκνώνει ένα επιμελώς σχεδιασμένο σύστημα αξιών και ποικίλων τεχνικών προσεγγίσεων για ολόπλευρη στήριξη ΟΛΩΝ των μαθητών χωρίς διακρίσεις και αποκλεισμούς. Η παρούσα αναθεωρημένη και επαυξημένη έκδοση συνθέτει ένα φιλόδοξο εγχείρημα στο χώρο της Ειδικής και Συμπεριληπτικής Εκπαίδευσης και εστιάζει, μεταξύ άλλων, στα πολυγλωσσικά σχολικά περιβάλλοντα και στις σοβαρές, πολλαπλές αναπηρίες/δυσκολίες ορισμένων παιδιών. Προστέθηκε για το σκοπό αυτό ένα νέο κεφάλαιο με ομόλογο τίτλο (Κεφ. Δέκατο τέταρτο) καλύπτοντας έτσι ένα σημαντικό συγγραφικό κενό στα εκπαιδευτικά δρώμενα σε Ελλάδα και Κύπρο. [...]
650 4 _aΕιδική αγωγή
_xΠρογράμματα σπουδών
_zΕλλάδα
_910169
650 4 _aΕκπαίδευση
_99953
942 _cBK
999 _c9977
_d9977